000 00302nam a22001337a 4500
008 171027b xxu||||| |||| 00| 0 eng d
020 _a9780073404004
041 _aeng
080 _a336
100 _a55
101 _aMEN
245 _aAUDITING AND ASSURANCE SERVICES
_cSTUART, I.C
942 _2udc
_cBK
999 _c36026
_d36026